Vrais nom des Rappeur Francais - Statistiques

Statistiques générales
  • Ce quiz a été pris 1 226 fois
  • Le résultat moyen est 9 sur 20
Statistiques - réponses
Hint Réponse % Correct
Julien Marie Jul
84%
Ken Samaras Nekfeu
77%
Elie Yaffa Booba
75%
Aurélien Cotentin Orelsan
67%
Valentin Le Du Vald
66%
Mélanie Georgiades Diam's
60%
Gandhi Djouna Gims
50%
Alpha Diallo Black M
47%
Okou Gnakouri Kaaris
47%
Didier Morville Joey Starr
46%
Laouni Mouhid La Fouine
46%
Guillaume Tranchant Gringe
33%
Karim Zenoud Lacrim
33%
Mohamed Sylla MHD
33%
Wanani Gradi Mariadi Gradur
25%
Bruno Lopes Kool Shen
18%
Claude M'Barali MC Solaar
18%
Alix Mathurin Kery James
16%
Thomas Idir Sinik
10%
Sérigne M'Baye Disiz
6%
Aucun quiz correspondant
Distribution des résultats
% des personnes avec chaque résultat
Percentile par nombre de réponses
Votre historique - résultats
Vous n’avez pas pris ce quiz